00738nam a2200193Ia 4500008004100000020001700041041000800058082001700066100002600083245006800109260003900177300000900216500003700225500003700262650002200299700004800321999001700369952015800386230125s9999 xx 000 0 und d a0333 93599 3 aeng a330bKAL/MYT aKalirajan K P9107014 aAccelerating growth through globalization of Indian agriculture c2001bMacmillan publicationaDelhi a374p aGlobalization,Indian agriculture aAgricultural Economics;Economics aEconomics9107015 aKalirajan K P; Mythili G & Sankar U9107016 c84346d84346 00104070aHIMRbHIMRd2002-03-18eManneys Book sellerg495.00l0o330 KAL/MYT B02961pHIMR-BK-2961r2023-01-25 00:00:00v495.00w2002-03-18yBKzB02961